[Event "IECG QN.2003.0.00302 email "]
[Site "IECG email"]
[Date "2003.12.09"]
[Round "?"]
[White "McGinnes, Benjamin"]
[Black "Balaram, Mohanakrishnan"]
[Result "1-0"]
[WhiteElo "800"]
[BlackElo "970"]
[PlyCount "41"]
[EventDate "2003.12.09"]
[EventType "tourn (corr)"]
[EventRounds "6"]
[SourceTitle "Corr 2008"]
[Source "ChessBase"]
[SourceDate "2008.06.24"]
[SourceVersion "1"]
[SourceVersionDate "2008.06.24"]
[SourceQuality "1"]

1. c4 Nf6 2. Nf3 e5 3. Nc3 d6 4. g3 c6 5. Bg2 Be7 6. 0-0 e4 7. Nd4 Qb6 8. Nc2 Be6 9. Ne3 d5 10. d4 0-0 11. c5 Qc7 12. h3 Qd7 13. Kh2 b6 14. b4 Na6 15. Rb1 Nh5 16. Bd2 g6 17. cxb6 axb6 18. b5 cxb5 19. Rxb5 Nb4 20. Qb1 Qd6 21. Nxe4 1-0